000 00379nam a22001097a 4500
082 _a891.433/BIS/N
100 _aबिश्‍नोई,कैलाश मांजू
_983016
245 _aइंस्‍टाग्राम वाला लव
260 _aभोपाल
_bमंजुल कथाकार
_c2025
650 _aउपन्‍यास
942 _cHIN
999 _c68640
_d68640